| 000 | 01006nam a2200325 c 4500 | ||
|---|---|---|---|
| 999 |
_c3434 _d3434 |
||
| 001 | 3434 | ||
| 003 | ES-MaCES | ||
| 005 | 20190523103701.0 | ||
| 008 | 951004s1995 sp ||| | spa d | ||
| 017 |
_aM 27291-1995 _bDL |
||
| 020 | _a8481810657 | ||
| 024 | 7 |
_a301-95-058-1 _2nipo |
|
| 035 | _aCES19980034591m | ||
| 040 |
_aES-MaCES _bspa _cES-MaCES |
||
| 245 | 0 | 0 | _aReglas de catalogación |
| 250 | _aEd. ref. y rev., 1ª reimp. | ||
| 260 |
_a[Madrid] _bDirección General del Libro, Archivos y Bibliotecas _c1995 |
||
| 300 |
_aXXVI, 626 p. _c28 cm |
||
| 541 | _cCompra | ||
| 650 | 4 |
_acatalogación _929437 |
|
| 650 | 4 |
_anorma _929523 |
|
| 650 | 4 |
_928926 _abiblioteca |
|
| 653 | 1 | 0 | _aBiblioteconomía |
| 710 | 1 |
_aEspaña _bDirección General del Libro, Archivos y Bibliotecas _92819 |
|
| 775 | 0 |
_tReglas de catalogación _w(ES-MaCES)8772 |
|
| 775 | 0 |
_tReglas de catalogación _w(ES-MaCES)673 |
|
| 902 | _aLIB Libro | ||
| 942 |
_2CES _cBK _h9.0. |
||